[Event "Collegiate Champions Open RUS-USA"]
[Site "Online"]
[Date "2021.01.08"]
[Round "3.6"]
[White "Belous, Vladimir"]
[Black "Drygalov, Sergey"]
[Result "1/2-1/2"]
[WhiteElo "2524"]
[BlackElo "2490"]
[Annotator "TA"]
[PlyCount "70"]
[EventDate "2021.01.08"]
[EventType "team-tourn"]
[EventCountry "NET"]
[SourceTitle "playchess.com"]
[Source "ChessBase"]
[SourceQuality "1"]

{[%evp 9,70,1,10,-15,-15,-18,-18,-12,0,-1,-4,0,0,-39,-19,-45,-54,-50,-25,-225,-241,-239,-130,-119,-129,-124,-85,-76,-34,-71,6,6,7,0,19,0,0,0,82,-236,0,-28,-29,-150,-48,-248,-79,-208,0,0,0,0,0,0,0,-8,0,0,0,-19,0,0,0]} 1. c4 Nf6 2. Nc3 e5 3. Nf3 Nc6 4. e4 Bb4 5. d3 O-O 6. g3 {A28: English Opening: Four Knights Variation.} d6 7. h3 {[#]} a6 $146 ({Predecessor:} 7... Nd4 8. Bg2 Nxf3+ 9. Qxf3 c6 10. O-O a6 11. Be3 b5 12. cxb5 axb5 13. a3 Bxc3 14. bxc3 {1-0 (43) Lenderman,A (2599)-Onischuk,A (2672) Saint Louis 2018}) 8. Bg2 Bxc3+ 9. bxc3 b5 10. O-O bxc4 11. d4 (11. Qa4 $5 {[%cal Ra4c6]} Bd7 12. Qxc4 $11) 11... exd4 12. Nxd4 Bd7 $36 {[%mdl 2048] Black is pushing.} 13. Bg5 h6 14. e5 $2 Nxe5 $19 ({Weaker is} 14... hxg5 15. Nxc6 Bxc6 16. Bxc6 $11) 15. Bxa8 hxg5 (15... Qxa8 $19 16. Bxf6 Bxh3) 16. Bg2 $17 g4 17. hxg4 Nfxg4 18. Qd2 c5 (18... Nf6 {feels hotter.} 19. Qg5 Nd3 20. Nc2 c5 21. Ne1 Re8) 19. Ne2 Bc6 (19... Nd3 $17) 20. Bxc6 $11 Nxc6 21. Rad1 Nce5 {Threatens to win with ...Nf3+.} 22. Qxd6 Qg5 {( -> ...Qh5)} 23. Nf4 Qf5 (23... Re8 $11) 24. Qd5 $2 {[%mdl 8192]} (24. f3 $16 {is necessary to keep the advantage.} Ne3 {[%mdl 64] Double Attack} 25. Rde1) 24... Nf6 ({Black should try} 24... Qh7 $1 $19 {[%csl Gg4][%cal Rh7h2]} 25. Qh1 Nf3+ $1 26. Kg2 Qe4) 25. Qg2 g5 26. Rfe1 {[#]} Kg7 (26... Qg4 $1 $17 {And now ...Nf3+ would win.} 27. Nh3 Nf3+ {[%mdl 64] Double Attack} 28. Kh1 Nxe1 29. Rxe1 Rd8) 27. Re3 Nfg4 $2 (27... Neg4 $19 {has better winning chances.} 28. Rf3 gxf4 29. Rxf4 Qc2) 28. Nd5 (28. Nh5+ $17 Kh6 29. Rxe5 Nxe5 30. g4 Qxg4 31. Qxg4 Nxg4 32. Ng3) 28... Nxe3 $2 ({Better is} 28... Rh8 $19 29. Rxe5 Nxe5) 29. Nxe3 {The position is equal.} Nf3+ 30. Kf1 Qe4 31. Qh3 Re8 32. Rd5 Qb1+ 33. Rd1 Qe4 34. Rd5 Qb1+ 35. Rd1 Qe4 {Weighted Error Value: White=0.53/Black=0.42} 1/2-1/2

[Event "Collegiate Champions Open RUS-USA"]
[Site "Online"]
[Date "2021.01.08"]
[Round "4.1"]
[White "Fedoseev, Vladimir"]
[Black "Predke, Alexandr"]
[Result "1-0"]
[WhiteElo "2687"]
[BlackElo "2690"]
[Annotator "TA"]
[PlyCount "71"]
[EventDate "2021.01.08"]
[EventType "team-tourn"]
[EventCountry "NET"]
[SourceTitle "playchess.com"]
[Source "ChessBase"]
[SourceQuality "1"]

{[%evp 14,71,32,22,17,20,27,20,29,13,18,22,14,21,74,68,70,75,60,60,44,41,89,66,89,90,167,154,160,167,177,174,165,173,164,167,293,295,304,289,293,295,286,275,290,303,304,303,304,297,479,480,454,454,566,591,2663,2672,1823,1715]} 1. e4 e5 2. Nf3 Nc6 3. Bc4 Nf6 4. Ng5 d5 5. exd5 Na5 6. Bb5+ c6 7. dxc6 bxc6 {[#]} 8. Qf3 $1 Be7 {C58: Two Knights: 4 Ng5 d5 5 exd5 Na5 sidelines.} 9. Bd3 $1 {[%mdl 4] is recently more successful than 9.Bxc6+.} O-O 10. Nc3 {10.0-0 is not played anymore.} h6 {The position is equal.} 11. Nge4 Nd5 {Strongly threatening ...f5.} 12. Ng3 Nb4 13. Nf5 Nxd3+ (13... Bg5 $11 {remains equal.}) 14. Qxd3 $16 Bc5 {White must now prevent ...Qxd3.} 15. Qxd8 Rxd8 {[#]} 16. g4 $146 ({Predecessor:} 16. Ng3 f5 17. d3 Nb7 18. O-O Nd6 19. Na4 Bb4 20. a3 Ba5 21. b4 Bc7 22. Bb2 {1-0 (52) Fier,A (2570)-Szczepkowska,K (2396) Paleochora 2018}) 16... h5 17. h3 g6 {[#]} 18. Ne4 $1 {White now steadily converts the win.} gxf5 19. Nxc5 e4 (19... Nb7 $16) 20. gxf5 Bxf5 21. b3 Rd5 22. Ba3 Rb8 23. Rg1+ Kh7 24. c4 Rdd8 (24... Re5 $142 25. O-O-O f6) 25. Rg5 $18 Bg6 26. Na6 Nxb3 27. axb3 ({Less strong is} 27. Nxb8 Nxa1 28. Nxc6 Nc2+ 29. Kd1 Rc8 $11) 27... Rxb3 28. Rg1 Rd4 29. Bc5 Rxc4 30. Be3 ({Don't play} 30. Bxa7 Rxh3 31. Nc7 Rb3 $18) 30... Rb5 31. Nc7 Rb7 (31... Re5 32. Ke2 h4 33. Rxa7 Bh5+ 34. f3 exf3+ 35. Kf2 Bg6) 32. Ne8 {White is clearly winning.} Rcb4 33. Ke2 h4 34. Rg4 f5 35. Rxh4+ Kg8 36. Rg1 {Weighted Error Value: White=0.02/Black=0.29} 1-0

[Event "Collegiate Champions Open RUS-USA"]
[Site "Online"]
[Date "2021.01.08"]
[Round "4.2"]
[White "Sarana, Alexey"]
[Black "Sjugirov, Sanan"]
[Result "0-1"]
[WhiteElo "2649"]
[BlackElo "2663"]
[Annotator "TA"]
[PlyCount "167"]
[EventDate "2021.01.08"]
[EventType "team-tourn"]
[EventCountry "NET"]
[SourceTitle "playchess.com"]
[Source "ChessBase"]
[SourceQuality "1"]

{[%evp 26,167,28,32,34,0,0,0,9,0,29,22,25,23,41,43,35,27,54,34,25,32,28,12,11,4,4,4,13,-221,-200,-284,-270,-349,-349,-345,-316,-336,-235,-243,-235,-235,-209,-209,-204,-204,-195,-213,-214,-207,-197,-207,-198,-198,-197,-198,-197,-197,-167,-173,-173,-189,-189,-198,-198,-234,-220,-426,-298,-412,-412,-416,-416,-495,-475,-484,-415,-450,-412,-427,0,-420,-403,-508,-504,-506,-493,-506,-506,-502,-498,-498,-497,-483,-475,-461,-393,-393,-302,-281,-233,-233,-233,-355,-211,-524,-498,-647,-647,-639,-633,-625,-587,-967,-962,-942,-622,-12837,-12837,-12837,-12838,-12836,-1204,-12841,-12841,-12841,-12839,-12845,-12845,-12845,-12843,-12844,0,-12845,-12844,-12845,-12844,-12845,-12846,-12847,-12847,-12849,-12849,-12850]} 1. e4 e5 2. Nf3 Nc6 3. Bb5 a6 4. Ba4 Nf6 5. O-O Be7 6. Re1 b5 7. Bb3 O-O 8. c3 d5 9. exd5 Nxd5 10. Nxe5 Nxe5 11. Rxe5 c6 12. d3 Bd6 13. Re1 Bf5 {The main line 13...Bf5 scores better than 13...Qh4.} 14. Qf3 Qf6 {C89: Closed Ruy Lopez: Marshall Attack.} 15. Be3 Qe5 16. g3 Bxd3 {The position is equal.} 17. Nd2 Qf5 18. Bd4 Rfe8 19. a4 {[#]} Rxe1+ $5 $146 {[%mdl 8] New and interesting.} ({Predecessor:} 19... h6 20. a5 Kf8 21. Qxf5 Bxf5 22. Bxd5 cxd5 23. b4 f6 24. f3 Kf7 25. Kf2 h5 {½-½ (39) Kryvoruchko,Y (2669)-Aronian,L (2758) Douglas 2019}) 20. Rxe1 h6 21. Kg2 Bc2 22. Qxf5 Bxf5 23. Ne4 Bf8 24. Nc5 Nb6 25. Re5 Bg6 {...Bxc5 is the strong threat.} 26. axb5 axb5 {[#] White must now prevent ...Bxc5.} 27. f4 $2 (27. Ne6 $1 $11 Nd7 28. Re2 $1) 27... Bxc5 $19 28. Rxc5 (28. Bxc5 $142 Nd7 29. Kf2) 28... Nd7 29. g4 Be4+ 30. Kf2 Nxc5 31. Bxc5 {[%mdl 4096] Endgame KRB-KB} Rd8 32. Ke3 Bd5 33. Bc2 f6 34. h4 Re8+ 35. Kf2 Bc4 36. Be3 Ra8 37. Bc5 Ra1 38. Bf5 Kf7 39. h5 Be6 {Strongly threatening ...Bxf5.} 40. Bg6+ Kg8 41. Kg3 Rd1 42. b4 Bd5 43. Bf5 Rd2 44. Bg6 Re2 45. Bd4 Be4 46. Be8 $2 (46. Bxe4 {is a better defense.} Rxe4 47. Kf3) 46... Kf8 47. Bd7 Ke7 48. Bc8 Kf7 49. Bd7 Rd2 50. Kh4 Rh2+ 51. Kg3 Rg2+ 52. Kh4 Rh2+ 53. Kg3 Ra2 54. Kh4 Ke7 55. Bc8 Ra8 56. Bc5+ Kf7 57. Bb7 Rb8 58. Ba6 Bd5 59. Bd4 Re8 60. Bb7 Re4 61. Kg3 Re2 62. Bc8 Be6 63. Bb7 {[#]} Bd7 $1 64. Kf3 (64. f5 {was the only defense.}) 64... Ra2 (64... Re8 $142 {Hoping for ...Rb8.} 65. Bc5 Rb8) 65. Kg3 $2 (65. f5) 65... Ke6 66. g5 Kd6 67. gxh6 gxh6 68. Bxf6 Kc7 69. Bxc6 Kxc6 70. Bg7 Rc2 71. Bxh6 Rxc3+ 72. Kh4 Rc4 73. Kg5 Rxb4 74. Bg7 Rb1 75. h6 Rh1 76. f5 Kd5 77. Kg6 Be8+ 78. Kf6 Bd7 79. Kg6 Rf1 {Black is clearly winning.} 80. f6 Be8+ 81. Kg5 Rh1 82. Bf8 Ke6 83. Bc5 Rh5+ 84. Kg4 {Weighted Error Value: White=0.32/Black=0.20} 0-1

[Event "Collegiate Champions Open RUS-USA"]
[Site "Online"]
[Date "2021.01.08"]
[Round "4.3"]
[White "Bartel, Mateusz"]
[Black "Paravyan, David"]
[Result "1/2-1/2"]
[WhiteElo "2638"]
[BlackElo "2647"]
[Annotator "TA"]
[PlyCount "101"]
[EventDate "2021.01.08"]
[EventType "team-tourn"]
[EventCountry "NET"]
[SourceTitle "playchess.com"]
[Source "ChessBase"]
[SourceQuality "1"]

{[%evp 9,101,0,16,0,0,0,0,0,0,0,114,18,38,38,29,28,45,40,45,56,51,56,59,57,60,17,10,16,21,18,36,9,22,7,12,0,0,-8,-8,-8,22,21,19,35,257,0,10,9,13,0,22,26,196,206,202,207,200,14,14,14,14,14,14,14,16,14,443,459,451,451,451,426,425,397,342,90,162,0,0,0,0,0,0,0,0,0,0,0,0,-8,-8,-8,-8,-8]} 1. d4 Nf6 2. Bg5 d5 3. e3 c5 4. Nd2 Nc6 5. Ngf3 Ne4 6. Bf4 {D00: 1 d4 d5: Unusual lines.} Qb6 7. Nxe4 dxe4 8. d5 {aiming for Ng5.} exf3 9. dxc6 Qxb2 {[#]} (9... f6 $11 {keeps the balance.}) 10. Rb1 ({Better is} 10. Be5 $1 $16 {[%cal Re5b2][%mdl 512]} Qb4+ 11. c3) 10... Qc3+ $11 11. Qd2 Qxd2+ 12. Kxd2 bxc6 13. gxf3 {[#]} g6 $146 ({Predecessor:} 13... f6 14. Bc7 e5 15. Bc4 Kd7 16. Ba5 Bd6 17. Rhg1 g6 18. h4 Rb8 19. Rbe1 Ke7 {0-1 (32) Hiegel,J (2050)-Benitah,Y (2341) France 2003}) 14. Bc4 Bg7 15. Rb8 Rxb8 16. Bxb8 a5 17. a4 (17. Rb1 {is interesting.} Rf8 18. Bc7 a4 19. Ke2 h6 20. Rd1) 17... Be6 18. Bxe6 fxe6 {[%mdl 4096] Endgame KRB-KRB} 19. Rb1 O-O 20. Bc7 Rxf3 21. Ke2 Rh3 22. Bxa5 Rh4 $1 ({Much worse is} 22... Rxh2 $6 23. c4 $16) 23. f4 Rxh2+ 24. Kd3 c4+ {[%mdl 64] Decoy} 25. Kxc4 Rxc2+ 26. Kb3 Rc5 ({Black should try} 26... Rf2 $1 $14) 27. Bb4 $2 (27. Bb6 $1 $18 {[%cal Rb6c5]} Rc3+ 28. Kb4) 27... Rd5 28. Kc4 e5 29. a5 {And now a6 would win.} exf4 30. a6 fxe3 $2 (30... Rd8 $11 31. a7 f3) 31. a7 $1 $18 {[%cal Ra7a8]} Rd4+ 32. Kc5 Rd8 33. Kxc6 $2 (33. Ba5 $1 $18 {[%cal Ra5d8]} Rd5+ 34. Kb4 Rb5+ 35. Ka4 Rxb1 36. a8=Q+ {[%mdl 64] Double Attack} Kf7 37. Qxc6) 33... Kf7 $11 {Strongly threatening ...Bd4.} 34. Bc5 e2 35. Re1 Be5 $1 ({But not} 35... Rc8+ $2 36. Kb7 $18) 36. Rxe2 Kf6 37. Ra2 Rc8+ {[%mdl 8192] [#]} (37... Ra8 $11 {and Black stays safe.}) 38. Kb7 $1 $18 {[%cal Rb7c8]} Rc7+ 39. Kb6 Rc8 40. a8=Q Rxa8 41. Rxa8 h5 42. Kc6 $2 (42. Rf8+ $18 Ke6 43. Rg8) 42... Ke6 {[#]} (42... e6 $16 {keeps fighting.}) 43. Ra2 $2 ({White must play} 43. Rg8 $1 $18 {[%cal Rg8g6]}) 43... h4 $11 {The position is equal.} 44. Re2 {Black must now prevent Bd4.} Kf5 $1 45. Bxe7 h3 46. Kd5 Bg3 47. Re6 g5 (47... h2 $5 48. Rf6+ $8 Kg4 $11) 48. Rh6 Kg4 49. Ke4 h2 {Hoping for ...Bh4.} 50. Rxh2 Bxh2 51. Bxg5 {Black escapes into a draw.  Weighted Error Value: White=0.38/Black=0.44} 1/2-1/2

[Event "Collegiate Champions Open RUS-USA"]
[Site "Online"]
[Date "2021.01.08"]
[Round "4.4"]
[White "Chigaev, Maksim"]
[Black "Khairullin, Ildar"]
[Result "1/2-1/2"]
[WhiteElo "2631"]
[BlackElo "2615"]
[Annotator "TA"]
[PlyCount "59"]
[EventDate "2021.01.08"]
[EventType "team-tourn"]
[EventCountry "NET"]
[SourceTitle "playchess.com"]
[Source "ChessBase"]
[SourceQuality "1"]

{[%evp 15,59,7,17,17,17,17,17,17,17,15,19,18,13,20,30,24,23,25,22,26,22,15,20,22,13,31,22,25,22,21,33,25,23,0,0,0,0,0,0,0,0,0,0,0,0,0]} 1. e4 c5 2. Nf3 d6 3. d4 cxd4 4. Nxd4 Nf6 5. Nc3 a6 6. Be3 e5 7. Nf3 Be7 8. Bc4 Be6 9. Bxe6 {B90: Sicilian Najdorf: Unusual White 6th moves, 6 Be3 Ng4 and 6 Be3 e5.} fxe6 10. Ng5 Qd7 11. Qf3 d5 $1 {[%cal Rd5d4]} 12. O-O-O {[%cal Re4d5]} d4 {[#]} 13. Bxd4 $1 exd4 {[#]} 14. e5 $1 O-O {[#]} (14... Nc6 15. exf6) 15. Qh3 $1 h6 $1 {[%cal Rh6g5]} 16. Nxe6 {[%mdl 64] Double Attack} Nc6 17. exf6 Rxf6 {[#]} 18. Rhe1 Re8 {[#] White must now prevent ...Rxe6.} 19. Nxd4 $146 ({Predecessor:} 19. f4 Bf8 20. f5 Qf7 21. Ne2 Rxf5 22. N2xd4 Nxd4 23. Nxd4 Rh5 24. Qf3 Rxe1 25. Rxe1 Rxh2 26. Qe4 Qf2 27. g4 {½-½ (27) Ivanov,V (2195)-Khorunzhy,M (2233) ICCF email 2013}) 19... Qxh3 20. gxh3 Rxf2 {Strongly threatening ...Bg5+.} 21. Kb1 Rxh2 22. Nxc6 bxc6 23. Rd3 Kf7 24. a3 Bf6 {The position is equal.} 25. Ne4 {aiming for Nd6+.} Re6 26. Nd6+ Ke7 $1 27. Nc8+ Kf7 28. Nd6+ Ke7 $1 29. Nc8+ Kf7 30. Nd6+ {An uneventful encounter.  Weighted Error Value: White=0.01/Black=0.01} 1/2-1/2

[Event "Collegiate Champions Open RUS-USA"]
[Site "Online"]
[Date "2021.01.08"]
[Round "4.5"]
[White "Dragun, Kamil"]
[Black "Drygalov, Andrey"]
[Result "1/2-1/2"]
[WhiteElo "2569"]
[BlackElo "2493"]
[Annotator "TA"]
[PlyCount "103"]
[EventDate "2021.01.08"]
[EventType "team-tourn"]
[EventCountry "NET"]
[SourceTitle "playchess.com"]
[Source "ChessBase"]
[SourceQuality "1"]

{[%evp 10,103,4,17,19,0,0,0,9,0,0,-2,37,0,0,-2,0,0,0,0,0,0,29,26,34,32,56,47,49,44,45,31,39,0,0,0,0,0,8,0,0,0,4,-10,0,0,0,0,2,0,53,60,77,87,102,97,93,83,100,89,131,135,143,76,93,57,57,72,97,75,68,29,116,129,113,14,131,143,228,0,0,0,0,0,0,0,0,0,0,0,0,0,0,0,0,0]} 1. d4 Nf6 2. c4 g6 3. Nc3 d5 4. Bf4 Bg7 5. e3 O-O 6. Rc1 Be6 {D83: Grünfeld: 4 Bf4 Bg7 5 e3 0-0.} 7. cxd5 Nxd5 8. Nxd5 Qxd5 9. a3 Qa5+ 10. Qd2 Qxd2+ 11. Kxd2 c6 12. Nf3 {[#]} Bd5 $146 ({Predecessor:} 12... Nd7 13. Bd3 Rad8 14. Ke2 Bg4 15. h3 Bxf3+ 16. gxf3 e5 17. dxe5 Bxe5 18. Bxe5 Nxe5 {0-1 (56) Aleksandrov,A (2574)-Grigoriants,S (2546) Chess.com INT 2020}) 13. Bc4 Bxf3 14. gxf3 Nd7 15. Ke2 e5 16. dxe5 Nxe5 17. Ba2 Rfd8 {White should prevent ...Nd3.} 18. Rhd1 Bf6 19. Bg3 Kf8 20. f4 Nd7 21. f5 Nb6 22. fxg6 hxg6 23. Rc2 Na4 24. Rb1 Rd7 25. Bb3 Nb6 26. e4 Bd4 27. f4 Re8 28. Kf3 Bg7 {White must now prevent ...Rd3+.} 29. Re1 Bd4 (29... f5 $11) 30. e5 $14 c5 31. Bh4 c4 32. Ba2 Rc8 33. Rd1 Rcc7 34. Be1 Na4 35. Bb4+ (35. Bxc4 $6 Nxb2 36. Bb4+ Kg7 $11) (35. Rxc4 Rxc4 36. Bxc4 Nxb2 $14) 35... Kg7 36. Rdd2 ({Of course not} 36. Bxc4 $6 Nxb2 37. Rdc1 Nxc4 $11) (36. Bd6 $142 Bxb2 37. Rxc4 (37. Bxc4 Bxa3 38. Bb3 Nc3 $16) 37... Rxc4 38. Bxc4) 36... b5 $16 37. Bd6 Bxb2 $1 38. Bxc7 (38. Rxb2 c3 $17) 38... Rxc7 39. h4 ({Worse is} 39. Rxb2 c3 $17) 39... Bxa3 40. h5 Be7 {[#]} (40... Bb4 $11 {remains equal.} 41. Rg2 Nc3) 41. hxg6 $1 fxg6 42. Rg2 (42. Rc1 $16) 42... Kf7 (42... Rd7 $11 {keeps the balance.}) 43. Bb1 {[%mdl 1024] White has strong compensation.} Rc6 {[#]} (43... g5 $16) 44. Rcd2 $2 (44. Rh2 $1 $18 {[%cal Rh2h7]} Kg7 45. Rcg2) 44... Nc3 $11 {The position is equal.} 45. Bc2 {Strongly threatening Rh2.} b4 {Black wants to play ...b3.} 46. f5 gxf5 47. Bxf5 {Hoping for Rh2.} Rc5 48. Kf4 {And now e6+ would win.} Nd5+ 49. Ke4 Nc3+ 50. Kf4 Nd5+ 51. Ke4 Nc3+ 52. Kf4 {Weighted Error Value: White=0.14/Black=0.16} 1/2-1/2

[Event "Collegiate Champions Open RUS-USA"]
[Site "Online"]
[Date "2021.01.08"]
[Round "4.6"]
[White "Drygalov, Sergey"]
[Black "Belous, Vladimir"]
[Result "1-0"]
[WhiteElo "2490"]
[BlackElo "2524"]
[Annotator "TA"]
[PlyCount "83"]
[EventDate "2021.01.08"]
[EventType "team-tourn"]
[EventCountry "NET"]
[SourceTitle "playchess.com"]
[Source "ChessBase"]
[SourceQuality "1"]

{[%evp 12,83,31,36,40,33,32,20,24,15,35,20,20,20,47,53,65,57,67,72,91,5,9,14,10,0,8,-7,0,-21,-34,-18,10,-21,0,0,20,25,25,42,50,52,58,44,45,57,152,149,138,138,128,144,135,136,162,155,485,285,452,450,460,450,943,946,926,924,1369,1060,29983,29984,29994,29995,29998,29999]} 1. d4 Nf6 2. Nf3 g6 3. c4 Bg7 4. g3 c5 5. Nc3 Qa5 6. Bg2 Ne4 7. Qd3 cxd4 {E60: King's Indian: Unusual lines and Fianchetto Variation without Nc3.} 8. Nxd4 ({But not} 8. Qxe4 $2 dxc3 9. b4 Qxb4 $19) 8... Nc5 9. Qd1 Nc6 {The position is equal.} 10. e3 Ne6 {[%cal Rc6d4]} 11. O-O O-O {[%cal Re6d4] [#]} 12. Re1 $146 ({Predecessor:} 12. Nxe6 dxe6 13. Bd2 Rd8 14. Qe2 Qb6 15. Rab1 Bd7 16. b4 Rac8 17. c5 Qc7 18. Rfd1 {0-1 (49) Gelfand,B (2753)-Svidler,P (2751) Jerusalem 2014}) 12... Qc5 13. Nd5 Qxc4 {[%cal Re6d4]} 14. b3 {[%cal Bb2b3,Bb3b4][%mdl 32]} Qc5 {[%cal Re6d4]} 15. b4 {[%mdl 1024] White has compensation.} Qd6 {[#]} 16. Nb5 $1 Qb8 $11 17. Rb1 a6 18. Nbc3 b5 19. Bb2 d6 20. Ne4 Ra7 21. Bxg7 Nxg7 22. f4 (22. Ndf6+ $5 Kh8 23. Nxd6 $11) 22... Be6 23. Ndf6+ exf6 (23... Kh8 $5 {[%cal Re7f6]} 24. Nxh7 Kxh7 25. Ng5+ {[%mdl 64] Discovered Attack} Kg8 26. Nxe6 Nxe6 27. Bxc6 Rc8 $11) 24. Nxf6+ {[%mdl 64] Discovered Attack} Kh8 {Strongly threatening ...Ne7.} 25. Bxc6 Bxa2 26. Ra1 {[%cal Bb1a1,Ba1a2,Ba2c2,Bc2c6,Bc6d6][%mdl 32]} Qb6 27. Rxa2 Qxc6 28. Rc2 $40 {[%mdl 128] White is up to no good.} Qb6 (28... Qa8 $14) 29. Nd5 $16 Qd8 30. Qd4 Ra8 31. Rec1 f6 32. Rc6 Ne6 33. Qd3 Kg7 $2 {Black cannot hold the game after this.} (33... Ng7 $16 {is tougher.} 34. e4 Ne8) 34. Nb6 (34. Qe4 $142 Re8 35. Nc7) 34... Ra7 (34... Rb8 $142) 35. Rxd6 $18 Qe8 36. Rcc6 Re7 (36... Nd8 $142) 37. Nd5 {[%mdl 64] Discovered Attack} Rff7 38. Qc3 Nd8 39. Nxf6 Rxf6 40. Qxf6+ {White mates.} Kh6 41. Rc5 Nf7 {[#]} 42. Rh5+ $1 {[%mdl 576] Pin, Decoy.  Weighted Error Value: White=0.12/Black=0.42} 1-0